Метод ультразвукового компактирования нанопорошков в технологии изготовления изделий из конструкционной и функциональной нанокерамики; Нанотехника; № 2
| Parent link: | Нанотехника: инженерный журнал.— , 2007- № 2.— C. 29-36 |
|---|---|
| Glavni avtor: | |
| Izvleček: | Показано, что ультразвуковое компактирование является эффективным методом сухого формования непластичных керамических порошков, обеспечивающим в отсутствии пластификаторов более высокую механическую прочность и равномерную по объему плотность прессовок по сравнению со статическим прессованием. Для порошков различной акустической природы [ZrO2-Y2O3, Pb(Zr,Ti)O3, Ba(Sr,Ca)TiO3 и др.] существуют оптимальные режимы ультразвукового компактирования, при которых повышается плотность и уменьшается зернистость спеченной керамики. Ультразвуковое воздействие в процессе прессования керамических порошков влияет на морфологию зерен в спеченной керамике и их распределение по размерам. Метод УЗ-компактирования применен для изготовления из ультрадисперсных порошков соответствующих составов опытных партий изделий конструкционной, сверхпроводящей, электро-, сегнето-, пьезо-нанокерамики: торцевых уплотнений для автотракторных двигателей; турбинок для бензонасосов; фильер, дорнов, калибров, экструзионных матриц для кабельного производства; сегнетокерамических подложек для ИК-датчиков; корпусов СВЧ-смесителей с прецизионными допусками на типоразмеры для систем связи; керамических ВТСП-сквидов; ВТСП-экранов электромагнитных полей и др В фонде НТБ ТПУ отсутствует |
| Jezik: | ruščina |
| Izdano: |
|
| Teme: | |
| Format: | Book Chapter |
| KOHA link: | https://koha.lib.tpu.ru/cgi-bin/koha/opac-detail.pl?biblionumber=597045 |
MARC
| LEADER | 00000naa0a2200000 4500 | ||
|---|---|---|---|
| 001 | 597045 | ||
| 005 | 20251204134029.0 | ||
| 035 | |a (RuTPU)RU\TPU\tpu\20140 | ||
| 090 | |a 597045 | ||
| 100 | |a 20111010d2005 k||y0rusy50 ca | ||
| 101 | 0 | |a rus | |
| 102 | |a RU | ||
| 200 | 1 | |a Метод ультразвукового компактирования нанопорошков в технологии изготовления изделий из конструкционной и функциональной нанокерамики |f О. Л. Хасанов | |
| 330 | |a Показано, что ультразвуковое компактирование является эффективным методом сухого формования непластичных керамических порошков, обеспечивающим в отсутствии пластификаторов более высокую механическую прочность и равномерную по объему плотность прессовок по сравнению со статическим прессованием. Для порошков различной акустической природы [ZrO2-Y2O3, Pb(Zr,Ti)O3, Ba(Sr,Ca)TiO3 и др.] существуют оптимальные режимы ультразвукового компактирования, при которых повышается плотность и уменьшается зернистость спеченной керамики. Ультразвуковое воздействие в процессе прессования керамических порошков влияет на морфологию зерен в спеченной керамике и их распределение по размерам. Метод УЗ-компактирования применен для изготовления из ультрадисперсных порошков соответствующих составов опытных партий изделий конструкционной, сверхпроводящей, электро-, сегнето-, пьезо-нанокерамики: торцевых уплотнений для автотракторных двигателей; турбинок для бензонасосов; фильер, дорнов, калибров, экструзионных матриц для кабельного производства; сегнетокерамических подложек для ИК-датчиков; корпусов СВЧ-смесителей с прецизионными допусками на типоразмеры для систем связи; керамических ВТСП-сквидов; ВТСП-экранов электромагнитных полей и др | ||
| 333 | |a В фонде НТБ ТПУ отсутствует | ||
| 461 | |t Нанотехника |o инженерный журнал |d 2007- | ||
| 463 | |t № 2 |v C. 29-36 | ||
| 610 | 1 | |a труды учёных ТПУ | |
| 700 | 1 | |a Хасанов |b О. Л. |c физик, специалист в области наноматериалов |c профессор Томского политехнического университета, доктор технических наук |c директор Нано-Центра ТПУ, заведующий кафедрой наноматериалов и нанотехнологий |f 1958- |g Олег Леонидович |3 (RuTPU)RU\TPU\pers\26436 |9 12140 | |
| 801 | 1 | |a RU |b 63413507 |c 20111010 | |
| 801 | 2 | |a RU |b 63413507 |c 20111011 |g RCR | |
| 942 | |c BK | ||